The distinguished jurists primer (Record no. 35673)

MARC details
000 -LEADER
fixed length control field 00434nam a2200181Ia 4500
020 ## - INTERNATIONAL STANDARD BOOK NUMBER
ISBN 13:978-1-85964-139-2
050 ## - CALL MARK
Classification number KD 620 .R9/
100 ## - STATEMENT OF RESPONSIBILITY--MAIN AUTHOR NAME
Personal name Ibn Rushd [ vol.2 ]
245 #4 - TITLE STATEMENT
Title The distinguished jurists primer
260 ## - PUBLICATION, DISTRIBUTION, ETC. (IMPRINT)
Place of publication Lebanon
260 ## - PUBLICATION, DISTRIBUTION, ETC. (IMPRINT)
Name of publisher Garnet publisher
260 ## - PUBLICATION, DISTRIBUTION, ETC. (IMPRINT)
Year of publication 2006
300 ## - PHYSICAL DESCRIPTION
Number of Pages 619 p
650 ## - SUBJECT ADDED ENTRY--TOPICAL TERM
Topical Term islamic law
942 ## - ADDED ENTRY ELEMENTS (KOHA)
Koha item type Books
Holdings
Withdrawn status Lost status Source of classification or shelving scheme Damaged status Not for loan Permanent Location Current Location Shelving location Date acquired Accession Number Price effective from Koha item type
    Library of Congress Classification     Law Library Law Library Items on shelf 04/23/2025 0186265 04/23/2025 Books